[Event "Titled Tue 17th Jun Early"]
[Site "chess.com INT"]
[Date "2025.06.17"]
[Round "1"]
[White "Bortnyk, Olexandr"]
[Black "Chan, Kim Yew"]
[Result "1-0"]
[WhiteTitle "GM"]
[BlackTitle "FM"]
[WhiteElo "2601"]
[BlackElo "2304"]
[WhiteFideId "14120828"]
[BlackFideId "5717981"]
[EventDate "2025.06.17"]

1. e4 e5 2. Nf3 Nf6 3. Nxe5 d6 4. Nf3 Nxe4 5. Nc3 Nxc3 6. dxc3 Nc6 7. Be3 Bf5 8.
Qd2 Qd7 9. O-O-O Be7 10. Bc4 Be6 11. Bd5 O-O-O 12. Rhe1 Bf6 13. Kb1 Bxd5 14.
Qxd5 Rhe8 15. h3 Kb8 16. g4 h6 17. a3 Re6 18. h4 Rde8 19. g5 hxg5 20. hxg5 Bd8
21. Rh1 f6 22. g6 Ne7 23. Qh5 f5 24. Rhg1 Rf8 25. Bd4 Nc6 26. Rde1 Bf6 27. Rxe6
Qxe6 28. Re1 Be5 29. Ng5 Qd7 30. Bxe5 dxe5 31. Nf7 e4 32. Rd1 Qe7 33. Qxf5 a6
34. Rd7 Qe8 35. Rd1 e3 36. Re1 e2 37. Qh5 Qe6 38. Rxe2 Qf6 39. Qc5 Rc8 40. Qh5
Ne7 41. Ne5 Nf5 42. Nd7+ 1-0

[Event "Titled Tue 17th Jun Early"]
[Site "chess.com INT"]
[Date "2025.06.17"]
[Round "1"]
[White "Alikulov, Elbek"]
[Black "Galperin, Platon"]
[Result "0-1"]
[WhiteTitle "IM"]
[BlackTitle "GM"]
[WhiteElo "2305"]
[BlackElo "2500"]
[WhiteFideId "14203308"]
[BlackFideId "14165414"]
[EventDate "2025.06.17"]

1. e4 e5 2. Nf3 Nc6 3. Bc4 d6 4. c3 f5 5. d3 f4 6. d4 Qf6 7. Bb5 Bd7 8. d5 Nb8
9. Bxd7+ Nxd7 10. Nbd2 Ne7 11. Qe2 g5 12. Ng1 h5 13. Nb3 a5 14. a4 c6 15. dxc6
bxc6 16. Qc2 Bg7 17. Bd2 O-O 18. f3 Rfb8 19. Ne2 Qe6 20. Nbc1 d5 21. Nd3 dxe4
22. fxe4 g4 23. O-O-O c5 24. Bxf4 c4 25. Nf2 exf4 26. Nxf4 Bh6 27. g3 Nc5 28.
Kb1 Bxf4 29. gxf4 Rb3 30. f5 Qb6 31. Rd2 Nxa4 32. Qc1 Rb8 33. Nd1 Nc6 34. Re2
Qd8 35. e5 Qd3+ 36. Ka1 Qxf5 37. e6 R3b7 38. Rhe1 Re7 39. Ne3 Qc5 0-1

[Event "Titled Tue 17th Jun Early"]
[Site "chess.com INT"]
[Date "2025.06.17"]
[Round "1"]
[White "Preobrazhenskaya, Diana"]
[Black "Roebers, Eline"]
[Result "1-0"]
[WhiteTitle "WFM"]
[BlackTitle "IM"]
[WhiteElo "2005"]
[BlackElo "2356"]
[WhiteFideId "34270566"]
[BlackFideId "1058401"]
[EventDate "2025.06.17"]

1. e4 c5 2. Nf3 e6 3. d4 cxd4 4. Nxd4 Nf6 5. Nc3 Nc6 6. Nxc6 bxc6 7. e5 Nd5 8.
Ne4 Qc7 9. f4 Rb8 10. a3 f5 11. exf6 gxf6 12. c4 f5 13. Qh5+ Kd8 14. Ng5 Nf6 15.
Qh4 Ke7 16. Bd2 Rb3 17. Bc3 Rxc3 18. bxc3 Qa5 19. Kd2 Bg7 20. Bd3 Kf8 21. Rhc1
d5 22. cxd5 Nxd5 23. Ke2 Nxc3+ 24. Kf1 Qd5 25. Bc2 Ba6+ 26. Kg1 h6 27. Nf3 Ne2+
28. Kh1 Nxc1 29. Rxc1 Qd7 30. Rd1 Qe7 31. Rd8+ Kf7 32. Qh5+ Kf6 33. Rxh8 Bxh8
34. Qxh6+ Kf7 35. Qxh8 Qc5 36. Ng5+ Ke7 37. Qg7+ Kd6 38. Qf8+ Kd5 39. Qxc5+ Kxc5
40. Nxe6+ Kc4 41. Bxf5 Kb3 42. Nc5+ Kxa3 43. Nxa6 Ka4 44. Bd3 c5 45. Nxc5+ 1-0

[Event "Titled Tue 17th Jun Early"]
[Site "chess.com INT"]
[Date "2025.06.17"]
[Round "1"]
[White "Aalto, Patrik"]
[Black "Beyer, Lorenz"]
[Result "0-1"]
[WhiteTitle "FM"]
[BlackTitle "CM"]
[WhiteElo "2316"]
[BlackElo "2226"]
[WhiteFideId "510726"]
[BlackFideId "16245393"]
[EventDate "2025.06.17"]

1. c4 e6 2. g3 d5 3. Bg2 Nf6 4. Nf3 Be7 5. O-O O-O 6. b3 a5 7. Bb2 a4 8. Na3 c6
9. d3 Nbd7 10. Qc2 Qa5 11. Bc3 axb3 12. axb3 Qb6 13. Nb1 Rxa1 14. Bxa1 Qa6 15.
Nc3 b6 16. Bb2 Qb7 17. Ra1 Qc7 18. e4 Bb7 19. Re1 Bb4 20. e5 Ng4 21. h3 Ngxe5
22. Nxe5 Nxe5 23. Nxd5 cxd5 24. Bxe5 Bd6 25. Bb2 Rc8 26. Qe2 dxc4 27. bxc4 Bxg2
28. Kxg2 b5 29. Qg4 Bf8 30. Rc1 bxc4 31. Kh2 Qb7 32. Be5 cxd3 33. Rxc8 Qxc8 34.
Qe4 Qc2 35. Kg2 h6 36. Bf4 Bc5 37. Qa8+ Kh7 38. Qe4+ g6 39. Be3 Bxe3 40. Qxe3 d2
41. Qf4 Kg7 42. Qe5+ Kh7 43. Qf6 Qf5 44. Qd4 Qd5+ 45. Qxd5 exd5 46. h4 d1=Q 47.
h5 Qxh5 48. g4 Qxg4+ 49. Kh2 d4 50. Kh1 d3 51. Kh2 d2 52. Kh1 d1=Q+ 53. Kh2 Qf4+
54. Kg2 Qdf3+ 55. Kg1 Qxf2+ 56. Kh1 Q4h2# 0-1

[Event "Titled Tue 17th Jun Early"]
[Site "chess.com INT"]
[Date "2025.06.17"]
[Round "1"]
[White "Tang, Andrew"]
[Black "Gunawardhana, Devindya Oshini"]
[Result "1-0"]
[WhiteTitle "GM"]
[BlackTitle "WIM"]
[WhiteElo "2529"]
[BlackElo "2121"]
[WhiteFideId "2059630"]
[BlackFideId "29941482"]
[EventDate "2025.06.17"]

1. d4 Nf6 2. c4 e6 3. Nc3 d5 4. cxd5 exd5 5. Bg5 Be6 6. e3 Nbd7 7. Bd3 h6 8. Bf4
c6 9. h3 Be7 10. Nge2 O-O 11. O-O Re8 12. f3 c5 13. Qd2 Nf8 14. Rad1 Bd6 15.
Bxd6 Qxd6 16. Nb5 Qc6 17. dxc5 a6 18. Ned4 Qd7 19. Nd6 Re7 20. b4 Nh5 21. Rfe1
Rd8 22. Qb2 Nh7 23. N4f5 Bxf5 24. Bxf5 Qc6 25. Qd4 Ng5 26. Qxd5 Qa4 27. Qb3 Qc6
28. h4 Nxf3+ 29. gxf3 Qxf3 30. e4 Qf4 31. Qh3 Ng3 32. Qg4 Qe5 33. Nc4 Rxd1 34.
Rxd1 Qc7 35. Nd6 h5 36. Qxg3 g6 37. Qg5 Kg7 38. Bxg6 fxg6 39. Nf5+ Kf7 40. Nxe7
Qxe7 41. Rf1+ Ke8 42. Qxg6+ 1-0

[Event "Titled Tue 17th Jun Early"]
[Site "chess.com INT"]
[Date "2025.06.17"]
[Round "1"]
[White "Manvelyan, Mikayel"]
[Black "Dumanuly, Sultanbeibarys"]
[Result "1-0"]
[WhiteTitle "FM"]
[BlackTitle "FM"]
[WhiteElo "2362"]
[BlackElo "2212"]
[WhiteFideId "13310143"]
[BlackFideId "13731963"]
[EventDate "2025.06.17"]

1. e4 c5 2. Nf3 Nc6 3. d4 cxd4 4. Nxd4 e5 5. Nb5 d6 6. c4 Be6 7. N1c3 a6 8. Na3
g6 9. Be2 Bg7 10. Be3 Nf6 11. Nc2 O-O 12. O-O Rc8 13. f3 Na5 14. b3 b5 15. Nd5
bxc4 16. Bb6 Qd7 17. Bxa5 cxb3 18. axb3 Bxd5 19. exd5 Qa7+ 20. Kh1 Qc5 21. Nb4
Bh6 22. Bc4 Be3 23. Nxa6 Qa7 24. Nb4 Bd4 25. Ra2 Qb7 26. Nc6 Bc5 27. Bc3 Ra8 28.
Ra4 Nd7 29. Qe2 Nb6 30. Rxa8 Rxa8 31. Ra1 Rxa1+ 32. Bxa1 Qa8 33. Bc3 Qa3 34. Qb2
Nxc4 35. bxc4 Qa4 36. Qe2 Qb3 37. Be1 Kg7 38. g3 f6 39. Kg2 Qb6 40. h4 h5 41.
Qa2 Kh6 42. Bf2 Bxf2 43. Qxf2 Qb3 44. Qd2+ g5 45. c5 dxc5 46. d6 Qb7 47. d7 Qxc6
48. d8=Q 1-0

[Event "Titled Tue 17th Jun Early"]
[Site "chess.com INT"]
[Date "2025.06.17"]
[Round "1"]
[White "Mai, Alexander Oliver"]
[Black "Ernst, Sipke"]
[Result "0-1"]
[WhiteTitle "CM"]
[BlackTitle "GM"]
[WhiteElo "2171"]
[BlackElo "2518"]
[WhiteFideId "2313391"]
[BlackFideId "1004689"]
[EventDate "2025.06.17"]

1. e4 e5 2. Nf3 Nc6 3. Nc3 Nf6 4. d4 exd4 5. Nxd4 Bb4 6. Nxc6 bxc6 7. Bd3 O-O 8.
O-O Re8 9. Bg5 h6 10. Bh4 Rb8 11. Kh1 Be7 12. f4 d6 13. e5 Ng4 14. Bg3 Ne3 15.
Qe2 Nxf1 16. Rxf1 f5 17. exf6 Bxf6 18. Qh5 Re3 19. Qg6 Rxd3 20. cxd3 d5 21. Re1
Bd7 22. Nd1 Qf8 23. b3 Re8 24. Rxe8 Bxe8 25. Qf5 Qc5 26. Qc8 Kf8 27. Qe6 Qc2 28.
Qe1 Qxd3 29. Nf2 Qc3 30. Qd1 Bg6 31. Ng4 Be4 32. Be1 Qb2 33. Bb4+ Kf7 34. Qf1
Qb1 35. Qxb1 Bxb1 36. a4 Bc2 37. Ne5+ Bxe5 38. fxe5 Bxb3 39. Bc5 Bxa4 40. Bxa7
Ke6 41. Bd4 c5 42. Bxc5 Kxe5 43. Ba3 d4 44. Kg1 Kd5 45. Kf2 c5 46. Ke1 c4 47.
Kd2 c3+ 48. Kc1 Kc4 49. Bf8 d3 50. Bxg7 d2+ 0-1

[Event "Titled Tue 17th Jun Early"]
[Site "chess.com INT"]
[Date "2025.06.17"]
[Round "1"]
[White "Shangin, Lev"]
[Black "Dighton, Simon"]
[Result "1-0"]
[BlackTitle "CM"]
[WhiteElo "2169"]
[BlackElo "2237"]
[WhiteFideId "55681085"]
[BlackFideId "408603"]
[EventDate "2025.06.17"]

1. d4 Nf6 2. c4 e6 3. Nf3 d5 4. Nc3 Bb4 5. cxd5 exd5 6. Bg5 Qd6 7. e3 c6 8. a3
Ba5 9. b4 Bc7 10. Bf4 Qd8 11. Be5 Bg4 12. Bxc7 Qxc7 13. Bd3 Nbd7 14. h3 Bxf3 15.
Qxf3 a5 16. O-O axb4 17. axb4 O-O 18. b5 Nb6 19. bxc6 bxc6 20. Rfc1 h6 21. Ne2
Rxa1 22. Rxa1 Rb8 23. Rc1 Qd6 24. Ng3 g6 25. Bf1 Kg7 26. h4 h5 27. Ne2 Nc4 28.
Nf4 Nd2 29. Qd1 Nxf1 30. Qxf1 Ne4 31. Qa6 Rb2 32. Qxc6 Qa3 33. Rf1 Nxf2 34. Nxd5
Ng4 35. Qd7 Rxg2+ 36. Kxg2 Qb2+ 37. Kf3 Nh2+ 38. Ke4 Nxf1 39. Nf4 Qd2 40. Ne6+
Kh6 41. Qxf7 Qxe3+ 42. Kd5 Qb3+ 43. Kc6 Qc4+ 44. Kd7 Qb5+ 45. Kd8 Qb8+ 46. Ke7
Qb7+ 47. Kf8 Qxf7+ 48. Kxf7 Ne3 49. Ng5 Nd5 50. Ke6 Nf4+ 51. Kf7 Nd5 52. Kg8 Nf4
53. Nf7# 1-0

[Event "Titled Tue 17th Jun Early"]
[Site "chess.com INT"]
[Date "2025.06.17"]
[Round "1"]
[White "Kornev, Alexei"]
[Black "Melaugh, Shane"]
[Result "1-0"]
[WhiteTitle "GM"]
[BlackTitle "CM"]
[WhiteElo "2500"]
[BlackElo "2180"]
[WhiteFideId "4120949"]
[BlackFideId "2509580"]
[EventDate "2025.06.17"]

1. d4 d5 2. c4 e6 3. Nf3 Nf6 4. Nc3 Be7 5. Bf4 c6 6. e3 O-O 7. Qc2 h6 8. h3 a6
9. c5 b6 10. cxb6 Qxb6 11. Bd3 c5 12. dxc5 Qxc5 13. O-O Nc6 14. a3 Bd7 15. Rac1
Qa7 16. e4 dxe4 17. Nxe4 Rac8 18. Qe2 Nd4 19. Nxd4 Qxd4 20. Rcd1 Nxe4 21. Bxe4
Qa7 22. Be3 Bc5 23. Bxc5 Rxc5 24. Qe3 Rfc8 25. Rd6 Bb5 26. Rfd1 Qc7 27. Qd4 Rc1
28. Rxc1 Qxc1+ 29. Kh2 Qc7 30. g3 Qe7 31. b3 Be8 32. Rxa6 Rb8 33. b4 Rd8 34. Qe3
Qf6 35. Bg2 Qb2 36. Ra7 Rd2 37. Ra8 Rxf2 38. Rxe8+ Kh7 39. Qe4+ f5 40. Qa8 Qe2
41. Qc6 e5 42. Qd5 e4 43. Qg8+ Kg6 44. Re6+ Kh5 45. Qf7+ Kg5 46. Qxg7+ Kh5 47.
Qg6# 1-0

[Event "Titled Tue 17th Jun Early"]
[Site "chess.com INT"]
[Date "2025.06.17"]
[Round "1"]
[White "Mata Gonzalez, Jose Fernando"]
[Black "Dinesh, Rajan M"]
[Result "1-0"]
[WhiteTitle "CM"]
[BlackTitle "CM"]
[WhiteElo "2164"]
[BlackElo "2133"]
[WhiteFideId "5107423"]
[BlackFideId "35060600"]
[EventDate "2025.06.17"]

1. e4 e5 2. Nf3 Nc6 3. Bc4 Nf6 4. d3 Bc5 5. O-O h6 6. a3 a5 7. Be3 Bxe3 8. fxe3
d6 9. Nc3 Be6 10. Nd5 Rb8 11. c3 Nd7 12. Bb3 Nc5 13. Bc2 O-O 14. d4 Nd7 15. Qe1
Ne7 16. Nxe7+ Qxe7 17. d5 Bg4 18. h3 Bxf3 19. gxf3 c6 20. Kh2 cxd5 21. exd5 f5
22. Qg3 Rf6 23. Rg1 Rbf8 24. Rae1 e4 25. f4 Nb6 26. Re2 Kh7 27. Reg2 R8f7 28. h4
h5 29. Bd1 Rh6 30. Bxh5 Nxd5 31. Kh1 Nxe3 32. Bxf7 Nxg2 33. Rxg2 Qxf7 34. Qg5
Qf6 35. Rh2 Qxg5 36. fxg5 Re6 37. h5 e3 38. Re2 f4 39. Kg2 Re5 40. g6+ Kh6 41.
Kf3 Rf5 42. Kg4 Rf6 43. Kf3 1-0

[Event "Titled Tue 17th Jun Early"]
[Site "chess.com INT"]
[Date "2025.06.17"]
[Round "1"]
[White "Turcsanyi, Vince Gergo"]
[Black "Nitish, Belurkar"]
[Result "0-1"]
[WhiteTitle "FM"]
[BlackTitle "IM"]
[WhiteElo "2312"]
[BlackElo "2454"]
[WhiteFideId "791784"]
[BlackFideId "5084768"]
[EventDate "2025.06.17"]

1. e4 c5 2. Nf3 g6 3. d4 cxd4 4. Qxd4 Nf6 5. e5 Nc6 6. Qa4 Nd5 7. Qe4 Nc7 8. Bf4
Bg7 9. Nc3 Ne6 10. Bg3 O-O 11. O-O-O Qa5 12. h4 b5 13. Kb1 h5 14. Ng5 Nc5 15.
Qe3 b4 16. Nd5 Na4 17. Bc4 d6 18. e6 Nxb2 19. exf7+ Kh8 20. Bb3 Na4 21. Ne6 Bxe6
22. Qxe6 Kh7 23. f4 Nc5 24. Qe3 Qa3 25. Qc1 Ne4 26. Qxa3 bxa3 27. Be1 a5 28. Nc7
Rab8 29. Ne6 a4 30. Nxf8+ Bxf8 31. g4 hxg4 32. h5 axb3 33. cxb3 Bg7 34. hxg6+
Kxg6 35. f5+ Kxf7 36. Rh4 Ne5 37. Rd4 Nf3 38. Rxe4 Nxh4 39. Bxh4 Bf6 40. Bxf6
Kxf6 41. Rxg4 Kxf5 42. Ra4 e5 43. Rxa3 d5 44. Kc2 Ke4 45. Ra4+ d4 46. Kd2 Rg8
47. Ra7 Rg2+ 48. Ke1 Kd3 49. a4 e4 50. a5 e3 51. Kf1 Ra2 52. b4 Ra1+ 53. Kg2 e2
54. Re7 e1=Q 55. Rxe1 Rxe1 56. a6 Ra1 57. b5 Ra5 0-1

[Event "Titled Tue 17th Jun Early"]
[Site "chess.com INT"]
[Date "2025.06.17"]
[Round "1"]
[White "Gilfanov, Marat I"]
[Black "Gattani, Sarthak"]
[Result "1-0"]
[WhiteTitle "FM"]
[WhiteElo "2343"]
[BlackElo "1944"]
[WhiteFideId "34372164"]
[BlackFideId "30995965"]
[EventDate "2025.06.17"]

1. e4 e5 2. Nf3 Nc6 3. Bc4 Bc5 4. O-O Nf6 5. d3 d6 6. c3 a6 7. h3 Ba7 8. Bg5 O-O
9. Nbd2 h6 10. Bh4 Be6 11. Qc2 Re8 12. Bxe6 Rxe6 13. Rad1 d5 14. Qb3 d4 15. cxd4
Nxd4 16. Nxd4 Bxd4 17. Nf3 Rb6 18. Qc4 c5 19. b3 g5 20. Bg3 Qe7 21. Rc1 Rc6 22.
Qc2 Nh5 23. Bh2 Nf4 24. Bxf4 gxf4 25. Qe2 Rac8 26. Rc2 Kh7 27. Kh1 b5 28. Rfc1
Qf6 29. Kh2 Kg7 30. g3 fxg3+ 31. fxg3 Kh7 32. Nh4 c4 33. bxc4 bxc4 34. dxc4 Rg8
35. Rf1 Qg7 36. Nf5 Qg6 37. h4 Rf6 38. Qf3 h5 39. c5 Qg4 40. c6 Rxf5 41. exf5
Qg7 42. Qxh5+ Qh6 43. Qxh6+ Kxh6 44. c7 Rc8 45. Rb1 e4 46. Rd1 Rxc7 47. Rxc7 Kg7
48. Rc6 Be5 49. Re1 Bf6 50. Rxe4 1-0

[Event "Titled Tue 17th Jun Early"]
[Site "chess.com INT"]
[Date "2025.06.17"]
[Round "1"]
[White "Aishwin, Daniel"]
[Black "Zhukovskyi, Oleksandr"]
[Result "0-1"]
[WhiteTitle "CM"]
[BlackTitle "CM"]
[WhiteElo "2206"]
[BlackElo "2145"]
[WhiteFideId "25037714"]
[BlackFideId "14169371"]
[EventDate "2025.06.17"]

1. e4 Nf6 2. e5 Nd5 3. d4 d6 4. c4 Nb6 5. Nf3 g6 6. Nc3 dxe5 7. Nxe5 Bg7 8. Bf4
O-O 9. Be2 N8d7 10. O-O Nxe5 11. Bxe5 Bxe5 12. dxe5 Be6 13. b3 c6 14. Ne4 Qc7
15. f4 Rad8 16. Qc1 Bf5 17. Ng3 Bd3 18. Qe3 Bxe2 19. Qxe2 Rd4 20. f5 Qd7 21. f6
Rd2 22. Qe3 Qd4 23. Qxd4 Rxd4 24. Rad1 Rd7 25. Ne4 Rfd8 26. fxe7 Rxd1 27. Rxd1
Rxd1+ 28. Kf2 Kg7 29. e8=Q Nd7 30. Nf6 Nxf6 31. exf6+ Kxf6 32. Ke2 Rd6 33. g4
Re6+ 34. Qxe6+ Kxe6 35. Ke3 Ke5 36. h3 f5 37. gxf5 Kxf5 38. Kf3 g5 39. c5 h5 40.
b4 Ke5 41. a4 Kd5 42. Ke3 Kc4 43. Ke4 g4 44. h4 Kxb4 45. Kf4 Kxc5 46. Kg5 g3 47.
Kxh5 g2 48. Kh6 g1=Q 49. h5 Kd5 50. Kh7 Ke6 51. h6 Kf7 52. Kh8 Qg8# 0-1

[Event "Titled Tue 17th Jun Early"]
[Site "chess.com INT"]
[Date "2025.06.17"]
[Round "1"]
[White "Gunnarsson, Arnar"]
[Black "Balavignan, Ashvin"]
[Result "1-0"]
[WhiteTitle "IM"]
[BlackTitle "CM"]
[WhiteElo "2409"]
[BlackElo "2023"]
[WhiteFideId "2300915"]
[BlackFideId "3261425"]
[EventDate "2025.06.17"]

1. c4 c5 2. Nc3 Nc6 3. g3 g6 4. h4 Nf6 5. Bg2 Bg7 6. Nh3 h5 7. d3 d6 8. Ng5 Bg4
9. a3 Qd7 10. Rb1 e5 11. b4 cxb4 12. axb4 O-O 13. Qa4 Rfc8 14. O-O a6 15. Be3
Rab8 16. b5 Nd4 17. Bxd4 exd4 18. Nd5 Rc5 19. Nxf6+ Bxf6 20. Ne4 Be5 21. Nxc5
dxc5 22. Qc2 a5 23. b6 Bh3 24. Rb5 Bd6 25. Rxa5 g5 26. hxg5 h4 27. f4 Qg4 28.
Rf3 hxg3 29. Qc1 Re8 30. Qf1 Bxg2 31. Qxg2 Bxf4 32. Rxc5 Be3+ 33. Kf1 Bf4 34.
Ra5 Re6 35. c5 Re5 36. Ra8+ Kg7 37. Qh1 g2+ 38. Qxg2 Qh4 39. Rh3 Qxg5 40. Qxg5+
Bxg5 41. c6 Rf5+ 42. Kg2 bxc6 43. b7 Be3 44. Rxe3 dxe3 45. b8=Q Rf2+ 46. Kg3
Rxe2 47. Qe5+ f6 48. Qe7+ Kg6 49. Rg8+ Kf5 50. Qe4# 1-0

[Event "Titled Tue 17th Jun Early"]
[Site "chess.com INT"]
[Date "2025.06.17"]
[Round "1"]
[White "Danila, Tudor-Gabriel"]
[Black "Rustemov, Alexander"]
[Result "0-1"]
[WhiteTitle "CM"]
[BlackTitle "GM"]
[WhiteElo "2178"]
[BlackElo "2525"]
[WhiteFideId "1274244"]
[BlackFideId "4119002"]
[EventDate "2025.06.17"]

1. e4 e6 2. d4 d5 3. Nd2 dxe4 4. Nxe4 Bd7 5. Nf3 Bc6 6. Bd3 Nd7 7. O-O Ngf6 8.
Nxf6+ Qxf6 9. Be2 Bd6 10. Be3 Bf4 11. c4 Bxe3 12. fxe3 Rd8 13. b4 Qe7 14. b5
Bxf3 15. Bxf3 b6 16. Qa4 O-O 17. Qxa7 Nf6 18. Qa4 e5 19. Rad1 e4 20. Be2 Ra8 21.
Qc2 Qa3 22. Rxf6 gxf6 23. Qxe4 Rfe8 24. Qg4+ Kf8 25. Rd3 Qc1+ 26. Kf2 Rxa2 27.
e4 Qg5 28. Qxg5 fxg5 29. e5 Ke7 30. Rh3 Rea8 31. Rxh7 Rc2 32. Ke3 Ra3+ 33. Ke4
Rxe2+ 34. Kd5 Rxg2 35. h4 gxh4 36. Rxh4 Rg6 37. Rf4 Rd3 38. Ke4 Rd1 39. Kd5 Ke8
40. Rh4 Kd7 41. Rh7 Rf1 42. Rh8 Rf4 43. Rh1 Rgg4 44. Rd1 f6 45. e6+ Ke7 46. Kc6
Rxd4 47. Re1 Rxc4+ 48. Kb7 Rge4 49. Rh1 Kxe6 0-1

[Event "Titled Tue 17th Jun Early"]
[Site "chess.com INT"]
[Date "2025.06.17"]
[Round "1"]
[White "Cordeiro, Marco Aurelio Zaror"]
[Black "Venkatesh, Narayan"]
[Result "0-1"]
[BlackTitle "FM"]
[WhiteElo "2056"]
[BlackElo "2168"]
[WhiteFideId "2117991"]
[BlackFideId "30987881"]
[EventDate "2025.06.17"]

1. e4 Nc6 2. d4 d6 3. c4 g6 4. Nc3 Bg7 5. Be3 e5 6. d5 Nce7 7. Qd2 f5 8. f3 Nf6
9. O-O-O O-O 10. Bh6 Bd7 11. Bxg7 Kxg7 12. Bd3 f4 13. g3 Nh5 14. g4 Nf6 15. h4
a6 16. Nh3 b5 17. h5 bxc4 18. Bxc4 Qb8 19. h6+ Kg8 20. Ng5 Qb4 21. Bb3 a5 22.
Ne2 Qb6 23. Ne6 Rfb8 24. Qc3 Bxe6 25. dxe6 a4 26. Bc4 Qc5 27. Kb1 c6 28. g5 Ne8
29. Rc1 Qb4 30. Qxb4 Rxb4 31. Rc2 d5 32. exd5 cxd5 33. Bd3 e4 34. fxe4 dxe4 35.
Bc4 Nd6 36. Rhc1 f3 37. Nf4 e3 38. Nd5 Nxd5 39. Bxd5 Re8 40. Rc6 Nf5 41. Bxf3
Nd4 42. Rc7 Nxf3 43. Rg7+ Kh8 44. e7 Rb7 45. Rf7 Ne5 46. Rf8+ Rxf8 0-1

[Event "Titled Tue 17th Jun Early"]
[Site "chess.com INT"]
[Date "2025.06.17"]
[Round "1"]
[White "Modric, Nesa"]
[Black "Voege, Tobias"]
[Result "1-0"]
[WhiteTitle "CM"]
[BlackTitle "FM"]
[WhiteElo "2088"]
[BlackElo "2256"]
[WhiteFideId "922579"]
[BlackFideId "1270513"]
[EventDate "2025.06.17"]

1. d4 e6 2. Bf4 Nf6 3. Nf3 c5 4. e3 Qb6 5. Nbd2 cxd4 6. exd4 Qxb2 7. Bd3 Nd5 8.
Nc4 Qb4+ 9. Bd2 Qa4 10. O-O Be7 11. Nb2 Qc6 12. c4 Nf6 13. Ne5 Qc7 14. Rc1 d6
15. Nf3 Nc6 16. Re1 O-O 17. Qc2 b6 18. d5 Ne5 19. Nxe5 dxe5 20. Bc3 Bd6 21. c5
bxc5 22. dxe6 Bxe6 23. Nc4 Bxc4 24. Bxc4 Rae8 25. Qf5 Nd7 26. h4 Nb6 27. Bd3 g6
28. Qg5 Qe7 29. Qh6 Nd5 30. Bd2 Qf6 31. Bc4 Nb6 32. Bb5 Rc8 33. Bc3 Nd5 34. Bb2
Nf4 35. Rcd1 Rfd8 36. Rxd6 Qxd6 37. Bxe5 Qf8 38. Qxf4 Qe7 39. Bc3 Qd6 40. Qh6
Qf8 41. Qf4 Qd6 42. Re8+ Rxe8 43. Qxd6 Re6 44. Qf4 h5 45. Qh6 Rd8 46. Qg7# 1-0

[Event "Titled Tue 17th Jun Early"]
[Site "chess.com INT"]
[Date "2025.06.17"]
[Round "1"]
[White "Troltenier, Dirk"]
[Black "Injac, Teodora"]
[Result "0-1"]
[WhiteTitle "FM"]
[BlackTitle "IM"]
[WhiteElo "2174"]
[BlackElo "2457"]
[WhiteFideId "4606400"]
[BlackFideId "932400"]
[EventDate "2025.06.17"]

1. e4 e5 2. Nf3 Nc6 3. Bb5 a6 4. Ba4 d6 5. Nc3 Nf6 6. d4 b5 7. dxe5 dxe5 8.
Qxd8+ Nxd8 9. Bb3 Nd7 10. a4 b4 11. Nd5 Bd6 12. Bd2 a5 13. Ne3 Nc5 14. Nc4 Be6
15. Nxd6+ cxd6 16. Bd5 Rc8 17. Be3 Ke7 18. O-O Bxd5 19. exd5 f5 20. Rac1 f4 21.
Bd2 Ne4 22. c3 bxc3 23. Bxc3 Nxc3 24. Rxc3 Nb7 25. Rfc1 Rxc3 26. Rxc3 Kd7 27.
Nd2 Nc5 28. b3 Rb8 29. f3 Rb4 30. Kf1 Rd4 31. Ke2 Rxd5 32. Nc4 Ke6 33. Nxa5 Nxa4
34. bxa4 Rxa5 35. Ra3 Kd5 36. Kd3 Kc5 37. Kc3 d5 38. Kb3 e4 39. Ra2 Kd4 40. Kb4
Ra8 41. Rd2+ Ke5 42. a5 e3 43. Rd1 d4 44. Kb5 Kd5 45. a6 Rb8+ 46. Ka5 Kc4 47. a7
Ra8 48. Kb6 d3 49. Rc1+ Kb3 50. Rc7 e2 51. Rd7 e1=Q 52. Rxd3+ Kc2 0-1

[Event "Titled Tue 17th Jun Early"]
[Site "chess.com INT"]
[Date "2025.06.17"]
[Round "1"]
[White "Kourkoulos-Arditis, Stamatis"]
[Black "Devaev, Alexander"]
[Result "1-0"]
[WhiteTitle "GM"]
[BlackTitle "FM"]
[WhiteElo "2580"]
[BlackElo "2306"]
[WhiteFideId "4221990"]
[BlackFideId "4169395"]
[EventDate "2025.06.17"]

1. b3 c5 2. Bb2 Nc6 3. Nf3 Nf6 4. e3 a6 5. d4 cxd4 6. exd4 d5 7. a3 Bg4 8. Nbd2
e6 9. Bd3 Bd6 10. h3 Bh5 11. O-O Bg6 12. Bxg6 hxg6 13. Re1 O-O 14. c4 dxc4 15.
bxc4 Rc8 16. a4 Na5 17. Qe2 Bf4 18. g3 Bxd2 19. Nxd2 Re8 20. Rec1 Qd7 21. Qf3
Qc6 22. Qc3 Qc7 23. Rab1 Nc6 24. Qe3 Ne7 25. Nf3 Nf5 26. Qe5 Qd7 27. a5 Nd6 28.
Qe2 Qc7 29. Qe1 Qd8 30. Ne5 Nd7 31. Qb4 Qc7 32. Nxd7 Qxd7 33. Ba3 Nf5 34. Qxb7
Qxd4 35. Qb6 Qd3 36. Rb3 Qe4 37. Qxa6 Nd4 38. Re3 Qf5 39. c5 Qxh3 40. Qf1 Qg4
41. Qd3 Nf5 42. Re4 Qg5 43. c6 Rc7 44. a6 Rec8 45. Ra4 Rxc6 46. Rxc6 Rxc6 47. a7
Rc8 48. a8=Q Rxa8 49. Rxa8+ Kh7 50. Qd8 Qc1+ 51. Bxc1 1-0

[Event "Titled Tue 17th Jun Early"]
[Site "chess.com INT"]
[Date "2025.06.17"]
[Round "1"]
[White "Krylov, Ivan"]
[Black "Onoprijchuk, Boris"]
[Result "1-0"]
[WhiteTitle "FM"]
[BlackTitle "IM"]
[WhiteElo "2426"]
[BlackElo "2385"]
[WhiteFideId "24128066"]
[BlackFideId "4171179"]
[EventDate "2025.06.17"]

1. d4 Nf6 2. c4 e6 3. g3 d5 4. Bg2 dxc4 5. Nf3 a6 6. Ne5 c5 7. O-O cxd4 8. Nxc4
Bc5 9. Bf4 Nd5 10. Be5 O-O 11. Bxd4 Bxd4 12. Qxd4 Nc6 13. Qd3 Ndb4 14. Qb3 Qe7
15. Nc3 b5 16. Nb6 Rb8 17. Nxc8 Rfxc8 18. a3 Nd5 19. Nxd5 exd5 20. Bxd5 Nd4 21.
Qd3 Qe5 22. e4 Ne6 23. f4 Qxb2 24. Rab1 Qc3 25. Rb3 Qc2 26. Qxc2 Rxc2 27. Rf2
Rbc8 28. Re3 g6 29. Ree2 R2c3 30. Bb7 R8c5 31. Bxa6 Rxa3 32. Bb7 Nd4 33. Rb2 h5
34. Bd5 Kg7 35. Kg2 Rac3 36. Rb4 Nc2 37. Rb1 b4 38. Kh3 Rb5 39. Rb3 Rxb3 40.
Bxb3 Nd4 41. Rb2 Kf6 42. e5+ Ke7 43. Bc4 Rb6 44. Rd2 Nf5 45. Bb3 Ne3 46. Rd3 Ng4
47. Kg2 Rc6 48. h3 Nh6 49. Kf3 Nf5 50. g4 Ng7 51. Ke4 hxg4 52. hxg4 Rc3 53. Rxc3
bxc3 54. Kd3 f6 55. Kxc3 fxe5 56. fxe5 Ne8 57. Kd4 Nc7 58. Bc4 Ne8 59. Ke4 Ng7
60. Kf4 Ne8 61. Kg5 1-0